00836cam a2200229 i 45000010008000000030004000080050017000120080041000290100017000700200024000870400018001110500017001290820017001461000046001632450052002092600036002613000021002975000137003185040030004556500045004857000076005302720182OSt20181122151203.0770406s1977 ilu b 000 0 eng  a 77006227  a0802441696 :c$1.75 aDLCcDLCdDLC00aBX8645b.F7300a230.9bF841I1 aFraser, Gordon H.q(Gordon Holmes)d1957-10aIs Mormonism Christian? /cBy Gordon H. Fraser. aChicago :bMoody Press,cc1977. a192 p. ;c18 cm. aA consolidation and revision of the author's 1965 ed. of Is Mormonism Christian? and 1964 ed. of What does the Book of Mormon teach? aBibliography: p. 189-192. 0aMormon ChurchxControversial literature.1 aFraser, Gordon H.q(Gordon Holmes)tWhat does the Book of Mormon teach?